00679nam a2200229 a 4500001001300000003000900013005001700022008004100039020002300080082001500103100002000118245004600138260004000184300000900224500003500233650001300268700002000281902000800301942000700309952011600316999001700432nice12345678IN_TiNIC20260116014747.0070313s2005 newa grp 000 0 eng  a8130701081 c59500a371.1bHEW aHewett, Edwin C aA Treatise on Pedagogy for Young Teachers aNew DelhibCosmo Publicationsc2005 a205p aincludes index and biblioraphy aTeaching1 aHewett, Edwin C bSRS cBK 001040708StackRoom-aHMIbHMId2007-03-13g595.00l0o371.1 HEWp021959r2007-03-13v595.00w2007-03-13yBK c16819d16819